000 00460nam a22001697a 4500
005 20251108172043.0
008 250721s1987 xx 000 0 ara d
082 1 4 _a380/سعد
100 1 _aغالب، سعدي علي
245 1 0 _aجغرافية النقل و التجارة /
264 1 _aبغداد :
_bجامعة الموصل،
_c1987.
300 _a799ص
650 1 7 _aالنقل
650 1 7 _aالتجارة
942 _2ddc
_cBK
999 _c69240
_d69240